| 000 | 00986nam a2200289 4500 | ||
|---|---|---|---|
| 003 | OSt | ||
| 005 | 20260530115304.0 | ||
| 008 | 260506b19761978fr ||||| |||| 00| 0 spa d | ||
| 020 | _a 8425208963 | ||
| 040 |
_aICI _bSPA _cICI |
||
| 041 | _aSPA | ||
| 050 |
_aHT113 _bF6818 |
||
| 100 | 1 |
_a Fourquet, Francois, _e autor _931618 |
|
| 240 |
_aLes equipements du pouvair _lEspañol |
||
| 245 | 1 | 0 |
_aLos equipamientos del poder : _bCiudades, territorios y equipamientos colectivos / _cFrancois fourquet, lion murard ; version castellana de Alberto szpunberg |
| 264 | 1 |
_aBarcelona : _b Gustavo Gili, _c1978 |
|
| 300 | _a188 páginas | ||
| 336 |
_atexto _2rdacontent |
||
| 337 |
_asin medio _2rdamedia |
||
| 338 |
_avolumen _2rdacarrier |
||
| 490 | _a Colección punto y línea | ||
| 650 |
_aEconomía urbana _931619 |
||
| 650 |
_aCiudades y pueblos _xHistoria _91002 |
||
| 700 |
_aMurard, Lion _eautor _931620 |
||
| 700 |
_a Szpumberg, Alberto, _etraductor _931621 |
||
| 942 |
_2lcc _cBK _n1 |
||
| 999 |
_c12981 _d12981 |
||